| 000 | 00922cam a2200229 4500 | ||
|---|---|---|---|
| 001 | WB4024-05 | ||
| 008 | 040624n2004 000 0 eng u | ||
| 035 | _a(Sirsi) u126602 | ||
| 245 | _aExcellence projects add to clients' satisfaction | ||
| 260 | _c2004 | ||
| 490 |
_aConstruction News _v(6872) 24 June 2004, 5(1) |
||
| 520 | _aDemonstration projects from Constructing Excellence are outscoring the industry on a host of criteria except for profit. The projects outperformed their counterparts on accident rates, predictability of construction costs, design and client satisfaction. With table of how the industry measures up. | ||
| 590 | _aWB | ||
| 590 | _aWB | ||
| 650 | _aCONSTRUCTION EXCELLENCE | ||
| 650 | _aKEY PERFORMANCE INDICATORS | ||
| 650 | _aDEMONSTRATION PROJECTS | ||
| 650 | _aHOUSING SECTOR | ||
| 650 | _aCLIENT SATISFACTION | ||
| 690 | _aBUILDING AND CONSTRUCTION-PROJECTS | ||
| 942 | _n0 | ||
| 999 |
_c117593 _d117593 |
||